| 000 | 01132cam a22003257a 4500 | ||
|---|---|---|---|
| 003 | CHAP | ||
| 005 | 20220329141911.0 | ||
| 008 | 980507d1995 mx r 00010 spa d | ||
| 010 | _a75466 | ||
| 011 | _a76438 | ||
| 035 | _a86023 | ||
| 040 | _cCHAP | ||
| 090 | _aFolleto 15054 | ||
| 100 | 0 | 0 |
_aGarcía Ocampo, Blanca Margarita. _946388 |
| 245 | 1 | 0 |
_aEncuesta de bibliotecas de la UACH 1994 : _bdatos seleccionados _c/por Blanca Margarita García Ocampo |
| 260 |
_aChapingo, Méx. : _bUACH. Biblioteca Central, _c1995. |
||
| 300 |
_a35 h. : _bcuadros ; gráfs. |
||
| 590 |
_aBATCH-UPD _b10 _c20130110 _lUCH01 _h2302 |
||
| 590 |
_aBATCH-UPD _b10 _c20130410 _lUCH01 _h1555 |
||
| 590 |
_aBATCH-UPD _b10 _c20130914 _lUCH01 _h0623 |
||
| 590 |
_aBATCH-UPD _b10 _c20130914 _lUCH01 _h2130 |
||
| 590 |
_aCONVERSION _b10 _c20130109 _lUCH01 _h1341 |
||
| 650 | 1 | 4 |
_aBibliotecas agrícolas. _912540 |
| 650 | 1 | 4 |
_aBibliotecas _xAdministración. _912489 |
| 901 | _aBK | ||
| 905 | _aAlejandra Carrasco M. | ||
| 942 | _cFOLL | ||
| 949 |
_aFolleto 15054 _bBC _cFOLL _d860231 _eTS1 _i86023 _sb |
||
| 949 |
_aFolleto 15054 _bBC _cUACH _d860232 _eUACH _fc.2 _i86023 _sb |
||
| 999 |
_c75466 _d75466 |
||